Statistiques concernant Drapeaux du monde ayant trois couleurs.

Cliquez ici pour prendre le quiz!

Statistiques générales

  • Ce quiz a été pris 165 fois
    (129 depuis la dernière actualisation)
  • Le résultat moyen est 60 sur 75

Statistiques - réponses

Réponse% Correct
France
99%
Irlande
99%
Italie
99%
Royaume-Uni
99%
Russie
99%
Etats-Unis
98%
Pays-Bas
98%
Australie
97%
Nouvelle-Zélande
96%
Allemagne
95%
Belgique
95%
Norvège
95%
Algérie
94%
Chypre
94%
Islande
94%
Luxembourg
94%
République tchèque
94%
Uruguay
94%
Jamaïque
93%
Liban
93%
Népal
93%
Roumanie
93%
Côte d'Ivoire
92%
Corée du Nord
91%
Cuba
91%
Bulgarie
90%
Estonie
90%
Kosovo
90%
Bosnie-Herzégovine
89%
Colombie
89%
Panama
89%
Slovaquie
89%
Biélorussie
88%
Chili
88%
Hongrie
88%
Iran
88%
Cameroun
86%
Costa Rica
82%
Thaïlande
82%
Sénégal
81%
Liechtenstein
79%
Arménie
77%
Barbade
77%
République démocratique du Congo
77%
Tchad
76%
Angola
73%
Laos
73%
Yémen
73%
Lituanie
72%
Taïwan
72%
Niger
71%
Bahamas
70%
Liberia
70%
Madagascar
69%
Îles Marshall
68%
Mali
68%
Burkina Faso
65%
Trinité-et-Tobago
65%
Gabon
64%
Grenade
63%
Maldives
63%
Saint-Vincent-et-les- Grenadines
63%
Mauritanie
62%
Samoa
61%
Botswana
60%
République du Congo
60%
Bolivie
59%
Malawi
59%
Nauru
59%
Oman
59%
Burundi
56%
Sierra Leone
55%
Guinée
54%
Rwanda
51%
Bénin
50%

Distribution des résultats

Percentile par nombre de réponses

% des personnes avec chaque résultat

Votre développement - résultats

Vous n’avez pas pris ce quiz depuis la dernière actualisation